000 00649nam a2200253Ia 4500
003 OSt
005 20220928101557.0
006 a|||||r|||| 00| 0
007 ta
008 220927b |||||||| |||| 00| 0 eng d
020 _c810.00
024 _a63741
037 _cTextual
040 _aSDCL
_cSDCL
_beng
041 _2eng
_aeng
082 _aP15,Cx6,1, P9.2
100 _aDwivedi Janakiprasad Ed.
_9391921
245 0 _aKatantravyakarana
260 _aVaranasi
_bDARPI
_c2009
300 _a1388
_ccm.
490 _vV.2
942 _hP15,Cx6,1, P9.2
_cTEXL
_2CC
999 _c707761
_d707761